000
00281nam a2200097Ia 4500
001
641970
005
20250826153517.0
008
250824s9999 xx 000 0 und d
245
0
_a
ŞİRİN İŞ BAŞINDA 4 KİMSE BİZE HAKARET EDEMEZ
_c
BİRSEN EKİM ÖZEN
260
_b
TİMAŞ ÇOCUK
999
_c
641970
_d
641970